[Event "MCR druzstev mladsich zaku 2019"]
[Site "Trest"]
[Date "2019.06.14"]
[Round "1.10"]
[White "Stary, Vojtech"]
[Black "Jun, Rostislav"]
[Result "1-0"]
[BlackElo "1223"]
[WhiteElo "1346"]
[LiveChessVersion "1.4.8"]

1. e4 {[%clk 0:25:18]} c5 {[%clk 0:25:18]} 2. Nf3 {[%clk 0:25:26]} Nc6
{[%clk 0:25:26]} 3. d4 {[%clk 0:25:35]} cxd4 {[%clk 0:25:34]} 4. Nxd4
{[%clk 0:25:42]} e6 {[%clk 0:25:41]} 5. Nc3 {[%clk 0:25:48]} d6 {[%clk 0:25:46]}
6. Be2 {[%clk 0:25:44]} a6 {[%clk 0:25:52]} 7. Be3 {[%clk 0:25:48]} Nf6
{[%clk 0:26:00]} 8. Qd2 {[%clk 0:25:50]} Be7 {[%clk 0:26:07]} 9. f3
{[%clk 0:25:45]} O-O {[%clk 0:26:10]} 10. O-O-O {[%clk 0:25:49]} Nxd4
{[%clk 0:26:13]} 11. Bxd4 {[%clk 0:25:51]} b5 {[%clk 0:26:07]} 12. g4
{[%clk 0:25:27]} e5 {[%clk 0:25:50]} 13. Be3 {[%clk 0:25:27]} Bb7
{[%clk 0:25:49]} 14. g5 {[%clk 0:24:57]} Ne8 {[%clk 0:25:24]} 15. h4
{[%clk 0:23:16]} g6 {[%clk 0:25:30]} 16. h5 {[%clk 0:23:20]} Nc7 {[%clk 0:24:51]}
17. hxg6 {[%clk 0:23:22]} fxg6 {[%clk 0:24:58]} 18. Rdg1 {[%clk 0:18:32]} Rf7
{[%clk 0:23:34]} 19. Nd5 {[%clk 0:14:54]} Bxd5 {[%clk 0:23:12]} 20. exd5
{[%clk 0:14:57]} Qd7 {[%clk 0:22:56]} 21. Kb1 {[%clk 0:12:13]} Kg7
{[%clk 0:22:52]} 22. f4 {[%clk 0:10:35]} exf4 {[%clk 0:22:45]} 23. Bxf4
{[%clk 0:09:47]} Rh8 {[%clk 0:22:30]} 24. Qd4+ {[%clk 0:09:50]} Kg8
{[%clk 0:22:31]} 25. Bg4 {[%clk 0:09:31]} Qe8 {[%clk 0:21:53]} 26. Rh6
{[%clk 0:08:35]} a5 {[%clk 0:20:39]} 27. Rgh1 {[%clk 0:08:28]} Rg7
{[%clk 0:19:20]} 28. Re1 {[%clk 0:06:57]} Qf8 {[%clk 0:17:14]} 29. a3
{[%clk 0:05:12]} Rf7 {[%clk 0:16:21]} 30. Be3 {[%clk 0:03:29]} Bf6
{[%clk 0:15:35]} 31. gxf6 {[%clk 0:03:15]} Rxf6 {[%clk 0:14:19]} 32. Bg5
{[%clk 0:01:47]} Rf7 {[%clk 0:13:49]} 33. Be6 {[%clk 0:01:04]} Nxe6
{[%clk 0:13:47]} 34. Rxe6 {[%clk 0:01:00]} b4 {[%clk 0:13:13]} 35. Rf6
{[%clk 0:01:01]} bxa3 {[%clk 0:12:28]} 36. Rxf7 {[%clk 0:01:10]} Kxf7
{[%clk 0:11:13]} 37. Qf6+ {[%clk 0:00:42]} Kg8 {[%clk 0:11:12]} 38. Qe6+
{[%clk 0:00:48]} Qf7 {[%clk 0:11:20]} 39. Qc8+ {[%clk 0:00:46]} Qf8
{[%clk 0:11:23]} 40. Qe6+ {[%clk 0:00:50]} Qf7 {[%clk 0:11:30]} 41. Qxf7+
{[%clk 0:00:57]} Kxf7 {[%clk 0:11:38]} 42. bxa3 {[%clk 0:01:03]} Rb8+
{[%clk 0:11:37]} 43. Kc1 {[%clk 0:01:10]} Kg7 {[%clk 0:11:35]} 44. Rh3
{[%clk 0:00:56]} a4 {[%clk 0:11:22]} 45. Bh6+ {[%clk 0:01:02]} Kf7
{[%clk 0:11:15]} 46. Rf3+ {[%clk 0:01:08]} Kg8 {[%clk 0:10:59]} 47. Rf6
{[%clk 0:01:11]} Rd8 {[%clk 0:10:40]} 48. Bf4 {[%clk 0:01:15]} Kg7
{[%clk 0:10:19]} 49. Rxd6 {[%clk 0:01:04]} Rxd6 {[%clk 0:10:28]} 50. Bxd6
{[%clk 0:01:12]} h5 {[%clk 0:10:36]} 51. Be7 {[%clk 0:01:18]} Kf7
{[%clk 0:10:43]} 52. Bh4 {[%clk 0:01:23]} Ke8 {[%clk 0:10:25]} 53. c4
{[%clk 0:01:28]} Kd7 {[%clk 0:10:33]} 54. Kd2 {[%clk 0:01:32]} Kd6
{[%clk 0:10:41]} 55. Kd3 {[%clk 0:01:38]} Kc5 {[%clk 0:10:49]} 56. Be7+
{[%clk 0:01:43]} Kb6 {[%clk 0:10:52]} 57. c5+ {[%clk 0:01:51]} Kc7
{[%clk 0:10:59]} 58. Kd4 {[%clk 0:01:59]} Kd7 {[%clk 0:11:07]} 59. Bh4
{[%clk 0:02:03]} Kc7 {[%clk 0:11:09]} 60. c6 {[%clk 0:02:10]} Kd6
{[%clk 0:11:16]} 61. Bg3+ {[%clk 0:02:18]} Ke7 {[%clk 0:11:22]} 62. d6+
{[%clk 0:02:27]} Kd8 {[%clk 0:11:28]} 63. Bh4+ {[%clk 0:02:34]} Kc8
{[%clk 0:11:34]} 64. d7+ {[%clk 0:02:42]} Kc7 {[%clk 0:11:42]} 65. Kc5
{[%clk 0:02:50]} g5 {[%clk 0:11:35]} 66. Bxg5 {[%clk 0:02:57]} h4
{[%clk 0:11:43]} 67. d8=Q# {[%clk 0:03:04]} 1-0

[Event "MCR druzstev mladsich zaku 2019"]
[Site "Trest"]
[Date "2019.06.14"]
[Round "1.11"]
[White "Krupicka, Filip"]
[Black "Slosar, Jan"]
[Result "0-1"]
[BlackElo "1223"]
[WhiteElo "1108"]
[LiveChessVersion "1.4.8"]

1. e4 {[%clk 0:25:14]} c5 {[%clk 0:25:18]} 2. d4 {[%clk 0:25:20]} cxd4
{[%clk 0:25:24]} 3. Qxd4 {[%clk 0:25:26]} Nc6 {[%clk 0:25:32]} 4. Qd1
{[%clk 0:25:32]} g6 {[%clk 0:25:39]} 5. Nf3 {[%clk 0:23:37]} Bg7 {[%clk 0:25:46]}
6. Nc3 {[%clk 0:23:40]} d6 {[%clk 0:25:54]} 7. Bc4 {[%clk 0:23:34]} Nf6
{[%clk 0:26:02]} 8. Bg5 {[%clk 0:23:11]} O-O {[%clk 0:26:08]} 9. O-O
{[%clk 0:22:59]} Bg4 {[%clk 0:26:05]} 10. Qe2 {[%clk 0:22:05]} Ne5
{[%clk 0:26:05]} 11. Nb5 {[%clk 0:20:35]} Bxf3 {[%clk 0:25:41]} 12. gxf3
{[%clk 0:20:37]} Nxc4 {[%clk 0:25:43]} 13. Qxc4 {[%clk 0:20:43]} d5
{[%clk 0:25:41]} 14. exd5 {[%clk 0:20:44]} Qxd5 {[%clk 0:25:42]} 15. Qxd5
{[%clk 0:20:25]} Nxd5 {[%clk 0:25:50]} 16. Rad1 {[%clk 0:20:27]} e6
{[%clk 0:25:53]} 17. Nd6 {[%clk 0:20:09]} b6 {[%clk 0:25:32]} 18. c3
{[%clk 0:20:04]} h6 {[%clk 0:25:12]} 19. Bh4 {[%clk 0:19:57]} Be5
{[%clk 0:24:35]} 20. Nc4 {[%clk 0:19:35]} Bf4 {[%clk 0:24:15]} 21. Rfe1
{[%clk 0:19:01]} g5 {[%clk 0:23:03]} 22. Bg3 {[%clk 0:19:07]} Kh7
{[%clk 0:23:05]} 23. Bxf4 {[%clk 0:18:35]} gxf4 {[%clk 0:23:13]} 24. Re5
{[%clk 0:18:24]} Rg8+ {[%clk 0:23:19]} 25. Kh1 {[%clk 0:18:15]} Rg6
{[%clk 0:23:14]} 26. Nd6 {[%clk 0:18:14]} Rg7 {[%clk 0:22:08]} 27. a3
{[%clk 0:18:09]} Rag8 {[%clk 0:21:09]} 28. c4 {[%clk 0:17:29]} Ne7
{[%clk 0:20:25]} 29. h4 {[%clk 0:17:24]} Ng6 {[%clk 0:20:31]} 30. Re4
{[%clk 0:17:25]} f5 {[%clk 0:19:18]} 31. Rxe6 {[%clk 0:17:12]} Nxh4
{[%clk 0:19:24]} 32. b4 {[%clk 0:16:25]} Nxf3 {[%clk 0:19:31]} 33. Ree1
{[%clk 0:16:13]} Nxe1 {[%clk 0:19:39]} 34. Rxe1 {[%clk 0:16:21]} Rg5
{[%clk 0:18:59]} 35. Nf7 {[%clk 0:16:25]} Rh5# 0-1

[Event "MCR druzstev mladsich zaku 2019"]
[Site "Trest"]
[Date "2019.06.14"]
[Round "1.13"]
[White "Simunek, Jakub Simon"]
[Black "Stogr, Viktor"]
[Result "1-0"]
[BlackElo "1439"]
[WhiteElo "1457"]
[LiveChessVersion "1.4.8"]

1. d4 {[%clk 0:25:13]} e6 {[%clk 0:25:18]} 2. c4 {[%clk 0:25:18]} d5
{[%clk 0:25:15]} 3. Nc3 {[%clk 0:25:17]} Nf6 {[%clk 0:24:45]} 4. cxd5
{[%clk 0:25:18]} Nxd5 {[%clk 0:24:48]} 5. e4 {[%clk 0:25:18]} Nxc3
{[%clk 0:24:15]} 6. bxc3 {[%clk 0:25:24]} c5 {[%clk 0:23:01]} 7. Nf3
{[%clk 0:25:05]} Nc6 {[%clk 0:22:42]} 8. d5 {[%clk 0:23:29]} Ne7 {[%clk 0:19:02]}
9. Bb5+ {[%clk 0:20:25]} Bd7 {[%clk 0:18:30]} 10. Bxd7+ {[%clk 0:17:32]} Qxd7
{[%clk 0:18:09]} 11. c4 {[%clk 0:17:05]} exd5 {[%clk 0:16:43]} 12. exd5
{[%clk 0:15:06]} Ng6 {[%clk 0:15:39]} 13. h4 {[%clk 0:11:38]} Bd6
{[%clk 0:14:55]} 14. h5 {[%clk 0:11:09]} Ne5 {[%clk 0:13:13]} 15. Bb2
{[%clk 0:09:42]} Nxf3+ {[%clk 0:12:19]} 16. Qxf3 {[%clk 0:09:16]} f6
{[%clk 0:11:55]} 17. h6 {[%clk 0:08:10]} Be5 {[%clk 0:07:36]} 18. Bxe5
{[%clk 0:07:26]} fxe5 {[%clk 0:07:37]} 19. Qe3 {[%clk 0:07:28]} Qe7
{[%clk 0:03:14]} 20. hxg7 {[%clk 0:02:59]} Qxg7 {[%clk 0:03:17]} 21. f4
{[%clk 0:02:26]} b6 {[%clk 0:01:09]} 22. Qxe5+ {[%clk 0:02:25]} Qxe5+
{[%clk 0:01:18]} 23. fxe5 {[%clk 0:02:34]} O-O-O {[%clk 0:01:24]} 24. Rf1
{[%clk 0:02:25]} Rde8 {[%clk 0:01:21]} 25. e6 {[%clk 0:02:31]} Rhg8
{[%clk 0:00:57]} 26. Rf2 {[%clk 0:02:32]} Kc7 {[%clk 0:00:44]} 27. Ke2
{[%clk 0:02:16]} Kd6 {[%clk 0:00:49]} 28. Raf1 {[%clk 0:02:09]} Rg7
{[%clk 0:00:35]} 29. Rf7 {[%clk 0:01:35]} Re7 {[%clk 0:00:37]} 30. Rxe7
{[%clk 0:01:18]} Kxe7 {[%clk 0:00:44]} 31. Rf7+ {[%clk 0:01:24]} Rxf7
{[%clk 0:00:53]} 32. exf7 {[%clk 0:01:34]} Kxf7 {[%clk 0:01:00]} 33. Ke3
{[%clk 0:01:33]} a6 {[%clk 0:00:54]} 34. a4 {[%clk 0:01:41]} h6 {[%clk 0:00:44]}
35. a5 bxa5 {[%clk 0:00:36]} 36. Kd3 {[%clk 0:01:20]} h5 {[%clk 0:00:39]} 37. Kc3
{[%clk 0:01:26]} Kf6 {[%clk 0:00:44]} 38. Kb3 {[%clk 0:01:35]} h4
{[%clk 0:00:45]} 39. Ka4 {[%clk 0:01:44]} Kg5 {[%clk 0:00:50]} 40. Kxa5
{[%clk 0:01:48]} Kg4 {[%clk 0:00:42]} 41. d6 {[%clk 0:01:56]} Kg3
{[%clk 0:00:51]} 42. d7 {[%clk 0:02:06]} Kxg2 {[%clk 0:00:59]} 43. d8=Q
{[%clk 0:02:14]} h3 {[%clk 0:01:07]} 44. Qg5+ {[%clk 0:02:21]} Kh1
{[%clk 0:01:01]} 45. Qf5 {[%clk 0:01:59]} Kg2 {[%clk 0:00:55]} 46. Kxa6
{[%clk 0:01:48]} h2 {[%clk 0:00:58]} 47. Kb5 {[%clk 0:01:53]} Kg3
{[%clk 0:00:50]} 48. Qh5 {[%clk 0:01:57]} Kg2 {[%clk 0:00:55]} 49. Kxc5
{[%clk 0:02:03]} h1=Q {[%clk 0:00:25]} 50. Qxh1+ {[%clk 0:02:11]} Kxh1
{[%clk 0:00:23]} 51. Kd6 {[%clk 0:02:20]} Kg2 {[%clk 0:00:41]} 52. c5
{[%clk 0:02:29]} Kf3 {[%clk 0:00:50]} 53. c6 {[%clk 0:02:39]} Ke4
{[%clk 0:00:59]} 54. c7 {[%clk 0:02:48]} 1-0

[Event "MCR druzstev mladsich zaku 2019"]
[Site "Trest"]
[Date "2019.06.14"]
[Round "1.14"]
[White "Senft, Antonin"]
[Black "Prazak, Daniel"]
[Result "1-0"]
[BlackElo "1553"]
[WhiteElo "1280"]
[LiveChessVersion "1.4.8"]

1. e4 {[%clk 0:25:15]} e6 {[%clk 0:25:17]} 2. d4 {[%clk 0:25:21]} d5
{[%clk 0:25:24]} 3. exd5 {[%clk 0:25:28]} exd5 {[%clk 0:25:31]} 4. Nc3
{[%clk 0:25:29]} c6 {[%clk 0:25:38]} 5. Bd3 {[%clk 0:25:20]} Bd6 {[%clk 0:25:41]}
6. Nf3 {[%clk 0:25:00]} Nf6 {[%clk 0:25:42]} 7. O-O {[%clk 0:24:33]} O-O
{[%clk 0:25:39]} 8. Bd2 {[%clk 0:23:17]} Bg4 {[%clk 0:25:40]} 9. h3
{[%clk 0:23:01]} Bh5 {[%clk 0:25:43]} 10. Re1 {[%clk 0:21:53]} Nbd7
{[%clk 0:25:06]} 11. Bg5 {[%clk 0:20:59]} Qc7 {[%clk 0:24:00]} 12. Re3
{[%clk 0:18:51]} Rfe8 {[%clk 0:23:31]} 13. Be2 {[%clk 0:12:42]} h6
{[%clk 0:19:39]} 14. Rxe8+ Rxe8 {[%clk 0:19:44]} 15. Bxf6 {[%clk 0:11:44]} Nxf6
{[%clk 0:19:37]} 16. Nh4 {[%clk 0:11:06]} Bxe2 {[%clk 0:19:16]} 17. Nxe2
{[%clk 0:11:14]} Ne4 {[%clk 0:18:32]} 18. Qd3 {[%clk 0:10:10]} Re6
{[%clk 0:14:24]} 19. Nc3 {[%clk 0:09:31]} Nxc3 {[%clk 0:10:45]} 20. Qxc3
{[%clk 0:09:36]} Re4 {[%clk 0:09:16]} 21. Nf5 {[%clk 0:08:55]} Bf8
{[%clk 0:05:09]} 22. Re1 {[%clk 0:07:42]} Qf4 {[%clk 0:04:25]} 23. Rxe4
{[%clk 0:06:48]} Qxe4 {[%clk 0:04:09]} 24. Ng3 {[%clk 0:05:42]} Qe7
{[%clk 0:03:37]} 25. Qa5 {[%clk 0:04:32]} a6 {[%clk 0:03:14]} 26. Qd2
{[%clk 0:03:44]} g6 {[%clk 0:03:08]} 27. c3 {[%clk 0:03:13]} Bg7 {[%clk 0:02:19]}
28. Kf1 {[%clk 0:03:13]} Kf8 {[%clk 0:01:32]} 29. Qe2 {[%clk 0:02:36]} Qc7
{[%clk 0:01:27]} 30. Qe3 {[%clk 0:01:57]} Qb6 {[%clk 0:01:24]} 31. Qe2
{[%clk 0:01:30]} h5 {[%clk 0:01:16]} 32. Nh1 {[%clk 0:00:52]} Bh6
{[%clk 0:01:16]} 33. f3 {[%clk 0:00:26]} Qb5 {[%clk 0:00:43]} 34. Qxb5
{[%clk 0:00:28]} axb5 {[%clk 0:00:52]} 35. Ke2 {[%clk 0:00:37]} Ke7
{[%clk 0:00:53]} 36. Nf2 {[%clk 0:00:40]} b6 {[%clk 0:00:50]} 37. g4
{[%clk 0:00:34]} hxg4 {[%clk 0:00:53]} 38. Nxg4 {[%clk 0:00:39]} Bf4
{[%clk 0:00:56]} 39. Kd3 {[%clk 0:00:42]} Ke6 {[%clk 0:00:36]} 40. b3
{[%clk 0:00:36]} f5 {[%clk 0:00:37]} 41. Nf2 {[%clk 0:00:41]} Kf6
{[%clk 0:00:29]} 42. c4 {[%clk 0:00:18]} bxc4+ {[%clk 0:00:20]} 43. bxc4
{[%clk 0:00:26]} Bd6 {[%clk 0:00:28]} 44. a4 Kg5 45. cxd5 {[%clk 0:00:14]} cxd5
{[%clk 0:00:43]} 46. Ke3 {[%clk 0:00:21]} Kh4 {[%clk 0:00:36]} 47. Ke2
{[%clk 0:00:27]} Kg3 {[%clk 0:00:38]} 48. Ke3 {[%clk 0:00:33]} Bf4+
{[%clk 0:00:43]} 49. Ke2 {[%clk 0:00:40]} Bg5 {[%clk 0:00:47]} 50. Nd3
{[%clk 0:00:38]} Bf6 {[%clk 0:00:36]} 51. Ne5 {[%clk 0:00:38]} g5
{[%clk 0:00:41]} 52. Nd7 {[%clk 0:00:22]} Bxd4 {[%clk 0:00:49]} 53. Kd3
{[%clk 0:00:23]} Bg1 {[%clk 0:00:54]} 54. Ke2 {[%clk 0:00:23]} Kxh3
{[%clk 0:01:02]} 55. Ne5 {[%clk 0:00:27]} g4 {[%clk 0:01:05]} 56. Nd3
{[%clk 0:00:16]} Bd4 {[%clk 0:00:55]} 57. fxg4 {[%clk 0:00:18]} fxg4
{[%clk 0:01:00]} 58. Nf4+ {[%clk 0:00:26]} Kh2 {[%clk 0:01:05]} 59. Nxd5
{[%clk 0:00:32]} g3 {[%clk 0:01:11]} 60. Nf4 {[%clk 0:00:38]} Be5
{[%clk 0:01:11]} 61. Nd3 {[%clk 0:00:14]} g2 {[%clk 0:01:18]} 62. Nxe5
{[%clk 0:00:16]} g1=Q {[%clk 0:01:15]} 63. Nf3+ 1-0

[Event "MCR druzstev mladsich zaku 2019"]
[Site "Trest"]
[Date "2019.06.14"]
[Round "1.15"]
[White "Barta, David"]
[Black "Hroch, Matej"]
[Result "1-0"]
[BlackElo "1157"]
[WhiteElo "1411"]
[LiveChessVersion "1.4.8"]

1. d4 {[%clk 0:25:14]} Nf6 {[%clk 0:25:18]} 2. Nf3 {[%clk 0:25:22]} g6
{[%clk 0:25:27]} 3. g3 {[%clk 0:25:31]} Bg7 {[%clk 0:25:36]} 4. Bg2
{[%clk 0:25:39]} d6 {[%clk 0:25:45]} 5. O-O {[%clk 0:25:45]} O-O {[%clk 0:25:52]}
6. c4 {[%clk 0:25:47]} c5 {[%clk 0:26:01]} 7. Nc3 {[%clk 0:25:29]} Re8
{[%clk 0:25:41]} 8. Bf4 {[%clk 0:25:24]} Bf5 {[%clk 0:25:47]} 9. Qb3
{[%clk 0:24:51]} Qb6 {[%clk 0:25:18]} 10. Qxb6 {[%clk 0:24:51]} axb6
{[%clk 0:25:24]} 11. Rfe1 {[%clk 0:22:37]} Nh5 {[%clk 0:25:07]} 12. Nb5
{[%clk 0:20:28]} Na6 {[%clk 0:24:22]} 13. e4 {[%clk 0:19:13]} Nxf4
{[%clk 0:24:04]} 14. gxf4 {[%clk 0:18:51]} Bd7 {[%clk 0:23:52]} 15. a4
{[%clk 0:17:46]} Bxb5 {[%clk 0:23:14]} 16. axb5 {[%clk 0:17:25]} Nb4
{[%clk 0:23:03]} 17. dxc5 {[%clk 0:15:34]} bxc5 {[%clk 0:22:56]} 18. Rxa8
{[%clk 0:11:10]} Rxa8 {[%clk 0:23:01]} 19. b3 {[%clk 0:09:41]} Nd3
{[%clk 0:22:28]} 20. Rd1 {[%clk 0:08:47]} Nxf4 {[%clk 0:22:26]} 21. e5
{[%clk 0:07:34]} dxe5 {[%clk 0:21:34]} 22. Rd7 {[%clk 0:06:51]} Nxg2
{[%clk 0:21:28]} 23. Kxg2 {[%clk 0:06:55]} Rb8 {[%clk 0:19:29]} 24. Rxe7
{[%clk 0:06:53]} Kf8 {[%clk 0:18:55]} 25. Rc7 {[%clk 0:05:52]} b6
{[%clk 0:18:53]} 26. Ng5 {[%clk 0:05:39]} h6 {[%clk 0:17:32]} 27. Nxf7
{[%clk 0:05:12]} Re8 {[%clk 0:14:04]} 28. Nd6 {[%clk 0:04:06]} Rd8
{[%clk 0:13:42]} 29. Rc8 {[%clk 0:03:33]} Ke7 {[%clk 0:13:07]} 30. Rxd8
{[%clk 0:03:35]} Kxd8 {[%clk 0:13:15]} 31. Ne4 {[%clk 0:03:25]} Ke7
{[%clk 0:12:49]} 32. Nc3 {[%clk 0:03:12]} Kd6 {[%clk 0:11:43]} 33. Nd5
{[%clk 0:03:15]} e4 {[%clk 0:11:17]} 34. Nxb6 {[%clk 0:03:14]} g5
{[%clk 0:08:19]} 35. Nd5 {[%clk 0:02:29]} Bh8 {[%clk 0:06:20]} 36. f3
{[%clk 0:02:21]} exf3+ {[%clk 0:06:10]} 37. Kxf3 {[%clk 0:02:28]} Be5
{[%clk 0:05:54]} 38. h3 {[%clk 0:02:31]} h5 {[%clk 0:06:00]} 39. Ne3
{[%clk 0:02:03]} Ke6 {[%clk 0:05:25]} 40. Nc2 {[%clk 0:01:52]} Kd6
{[%clk 0:05:09]} 41. Ke4 {[%clk 0:01:27]} g4 {[%clk 0:04:38]} 42. hxg4
{[%clk 0:01:17]} hxg4 {[%clk 0:04:33]} 43. Ne3 {[%clk 0:01:16]} g3
{[%clk 0:04:30]} 44. Ng2 {[%clk 0:01:13]} Ke6 {[%clk 0:04:02]} 45. Kf3
{[%clk 0:01:09]} Kd6 {[%clk 0:03:43]} 46. Ne3 {[%clk 0:01:07]} Kc7
{[%clk 0:03:43]} 47. Nf1 {[%clk 0:01:09]} Kb6 {[%clk 0:03:50]} 48. Nxg3
{[%clk 0:01:09]} Ka5 {[%clk 0:03:35]} 49. Ne4 {[%clk 0:00:55]} Kb4
{[%clk 0:03:34]} 50. Nd2 {[%clk 0:00:49]} Kc3 {[%clk 0:02:50]} 51. Ke3
{[%clk 0:00:32]} Bc7 {[%clk 0:02:39]} 52. Ke2 {[%clk 0:00:22]} Bb6
{[%clk 0:02:22]} 53. Ke3 {[%clk 0:00:25]} Bc7 {[%clk 0:02:16]} 54. Ke2
{[%clk 0:00:21]} Bb6 {[%clk 0:01:58]} 55. Ke3 {[%clk 0:00:28]} Bc7
{[%clk 0:01:50]} 56. Ne4+ {[%clk 0:00:36]} Kb4 {[%clk 0:01:46]} 57. Kd3
{[%clk 0:00:32]} Bb6 {[%clk 0:01:43]} 58. Kc2 {[%clk 0:00:29]} Bc7
{[%clk 0:01:46]} 59. Nd2 {[%clk 0:00:26]} Bb6 {[%clk 0:01:47]} 60. Nb1
{[%clk 0:00:33]} Ba7 {[%clk 0:01:47]} 61. Nc3 {[%clk 0:00:37]} Bb6
{[%clk 0:01:49]} 62. Nd5+ {[%clk 0:00:44]} Ka5 {[%clk 0:01:28]} 63. Nxb6
{[%clk 0:02:19]} Kxb6 {[%clk 0:01:34]} 64. Kc3 {[%clk 0:02:18]} Ka5
{[%clk 0:01:39]} 65. Kd3 {[%clk 0:02:23]} Kb6 {[%clk 0:01:47]} 66. Ke4
{[%clk 0:02:31]} Kc7 {[%clk 0:01:50]} 67. Kd5 {[%clk 0:02:39]} Kb6
{[%clk 0:01:59]} 68. Kd6 {[%clk 0:02:48]} Kb7 {[%clk 0:02:06]} 69. Kxc5
{[%clk 0:02:56]} Kc7 {[%clk 0:02:15]} 70. b6+ {[%clk 0:03:03]} Kb7
{[%clk 0:02:24]} 71. b4 {[%clk 0:03:11]} Ka6 {[%clk 0:02:30]} 72. b5+
{[%clk 0:03:16]} Kb7 {[%clk 0:02:38]} 73. Kd6 {[%clk 0:03:16]} Kb8
{[%clk 0:02:45]} 74. c5 {[%clk 0:03:21]} Kc8 {[%clk 0:02:48]} 75. c6
{[%clk 0:03:28]} Kb8 {[%clk 0:02:51]} 76. c7+ {[%clk 0:03:35]} Kc8
{[%clk 0:02:52]} 77. Ke7 {[%clk 0:03:41]} Kb7 {[%clk 0:02:59]} 78. Kd7
{[%clk 0:03:43]} Kxb6 {[%clk 0:03:01]} 79. c8=Q {[%clk 0:03:47]} 1-0

[Event "MCR druzstev mladsich zaku 2019"]
[Site "Trest"]
[Date "2019.06.14"]
[Round "2.1"]
[White "Juracak, David"]
[Black "Finek, Vaclav"]
[Result "1-0"]
[BlackElo "1833"]
[WhiteElo "1357"]
[LiveChessVersion "1.4.8"]

1. d4 {[%clk 0:25:10]} d5 {[%clk 0:25:10]} 2. c4 {[%clk 0:25:10]} c6
{[%clk 0:25:10]} 3. Nf3 {[%clk 0:25:10]} Nf6 {[%clk 0:25:15]} 4. Bg5
{[%clk 0:25:10]} e6 {[%clk 0:25:11]} 5. e3 {[%clk 0:25:11]} Be7 {[%clk 0:25:19]}
6. Bd3 {[%clk 0:25:09]} Nbd7 {[%clk 0:25:18]} 7. O-O {[%clk 0:25:06]} O-O
{[%clk 0:25:22]} 8. Nc3 {[%clk 0:25:05]} b6 {[%clk 0:24:25]} 9. Qc2
{[%clk 0:24:01]} Bb7 {[%clk 0:24:28]} 10. Rad1 {[%clk 0:23:53]} Rc8
{[%clk 0:24:22]} 11. Rfe1 {[%clk 0:23:49]} c5 {[%clk 0:24:06]} 12. b3
{[%clk 0:23:02]} dxc4 {[%clk 0:24:06]} 13. Bxc4 {[%clk 0:22:53]} Bxf3
{[%clk 0:23:59]} 14. gxf3 {[%clk 0:22:44]} cxd4 {[%clk 0:23:44]} 15. Rxd4
{[%clk 0:22:36]} Qc7 {[%clk 0:23:04]} 16. Qd3 {[%clk 0:20:44]} Ne5
{[%clk 0:23:02]} 17. Qe2 {[%clk 0:20:15]} Nc6 {[%clk 0:20:31]} 18. Rh4
{[%clk 0:19:38]} h6 {[%clk 0:18:14]} 19. Bf4 {[%clk 0:19:16]} e5 {[%clk 0:18:01]}
20. Bg3 {[%clk 0:18:42]} Bb4 {[%clk 0:17:52]} 21. Rc1 {[%clk 0:17:54]} Rcd8
{[%clk 0:15:48]} 22. Nb5 {[%clk 0:17:38]} Qb7 {[%clk 0:15:28]} 23. a3
{[%clk 0:17:21]} Be7 {[%clk 0:14:49]} 24. b4 {[%clk 0:16:30]} a6 {[%clk 0:14:39]}
25. Nc3 {[%clk 0:16:23]} b5 {[%clk 0:14:44]} 26. Bb3 {[%clk 0:15:24]} Rd7
{[%clk 0:14:14]} 27. Ne4 {[%clk 0:14:27]} Nh7 {[%clk 0:09:59]} 28. Rg4
{[%clk 0:13:02]} Ng5 {[%clk 0:09:03]} 29. Nxg5 {[%clk 0:12:19]} Bxg5
{[%clk 0:09:04]} 30. Re4 {[%clk 0:12:02]} Nd4 {[%clk 0:08:33]} 31. Qd1
{[%clk 0:10:28]} Nxb3 {[%clk 0:07:44]} 32. Qxb3 {[%clk 0:10:26]} Bf6
{[%clk 0:06:49]} 33. Kg2 {[%clk 0:09:40]} Rd2 {[%clk 0:05:23]} 34. Bxe5
{[%clk 0:08:48]} Bxe5 {[%clk 0:05:32]} 35. Rxe5 {[%clk 0:08:55]} Qb6
{[%clk 0:05:39]} 36. Qc3 {[%clk 0:08:22]} Qg6+ {[%clk 0:05:37]} 37. Kf1
{[%clk 0:08:23]} Rfd8 {[%clk 0:05:11]} 38. Re8+ {[%clk 0:08:08]} Rxe8
{[%clk 0:05:20]} 39. Qxd2 {[%clk 0:08:17]} Qf5 {[%clk 0:05:25]} 40. Ke2
{[%clk 0:07:36]} Qe6 {[%clk 0:03:47]} 41. Rc3 {[%clk 0:07:20]} Rf8
{[%clk 0:03:12]} 42. Qc2 {[%clk 0:07:06]} Qh3 {[%clk 0:02:57]} 43. Rc6
{[%clk 0:06:05]} Qxh2 {[%clk 0:02:54]} 44. Rxa6 {[%clk 0:06:13]} h5
{[%clk 0:03:00]} 45. Rc6 {[%clk 0:06:10]} h4 {[%clk 0:02:18]} 46. Rc8
{[%clk 0:05:29]} Qd6 {[%clk 0:01:44]} 47. Qf5 {[%clk 0:04:54]} g6
{[%clk 0:01:16]} 48. Qg4 {[%clk 0:04:02]} Rxc8 {[%clk 0:01:25]} 49. Qxc8+
{[%clk 0:04:10]} Kg7 {[%clk 0:01:32]} 50. Qg4 {[%clk 0:04:10]} Qf6
{[%clk 0:01:41]} 51. Kf1 {[%clk 0:03:53]} Kh7 {[%clk 0:01:12]} 52. Kg2
{[%clk 0:03:44]} Qd8 {[%clk 0:00:53]} 53. Kh3 {[%clk 0:03:35]} Qd1
{[%clk 0:00:44]} 54. Qxh4+ {[%clk 0:03:16]} Kg8 {[%clk 0:00:52]} 55. Kg2
{[%clk 0:03:19]} Qd3 {[%clk 0:00:56]} 56. Qe4 {[%clk 0:03:00]} Qxa3
{[%clk 0:00:57]} 57. Qe8+ {[%clk 0:03:08]} Kg7 {[%clk 0:01:06]} 58. Qxb5
{[%clk 0:03:16]} Qa8 {[%clk 0:00:54]} 59. Qe5+ {[%clk 0:03:19]} Kg8
{[%clk 0:00:58]} 60. b5 {[%clk 0:03:17]} Qd8 {[%clk 0:01:05]} 61. f4
{[%clk 0:02:55]} Qh4 {[%clk 0:00:55]} 62. Qg5 {[%clk 0:02:51]} Qh7
{[%clk 0:00:49]} 63. b6 {[%clk 0:02:51]} f6 {[%clk 0:00:54]} 64. Qd5+
{[%clk 0:02:47]} Kh8 {[%clk 0:00:43]} 65. Qd8+ {[%clk 0:02:52]} 1-0

[Event "MCR druzstev mladsich zaku 2019"]
[Site "Trest"]
[Date "2019.06.14"]
[Round "2.2"]
[White "Nemec, Jachym"]
[Black "Kanak, Matyas"]
[Result "1-0"]
[BlackElo "1424"]
[WhiteElo "1927"]
[LiveChessVersion "1.4.8"]

1. e4 {[%clk 0:25:17]} e5 {[%clk 0:25:14]} 2. Nf3 {[%clk 0:25:21]} Nf6
{[%clk 0:25:20]} 3. Nxe5 {[%clk 0:24:53]} d6 {[%clk 0:24:30]} 4. Nf3
{[%clk 0:24:44]} Nxe4 {[%clk 0:24:30]} 5. d3 {[%clk 0:24:32]} Nf6
{[%clk 0:24:29]} 6. d4 {[%clk 0:24:25]} d5 {[%clk 0:23:19]} 7. Bd3
{[%clk 0:24:12]} Bd6 {[%clk 0:22:48]} 8. O-O {[%clk 0:24:09]} O-O
{[%clk 0:22:51]} 9. h3 {[%clk 0:21:57]} Re8 {[%clk 0:22:04]} 10. Nbd2
{[%clk 0:20:14]} Ne4 {[%clk 0:20:19]} 11. Re1 {[%clk 0:18:38]} Bf5
{[%clk 0:20:05]} 12. Nf1 {[%clk 0:16:20]} h6 {[%clk 0:19:27]} 13. Ne3
{[%clk 0:15:44]} Be6 {[%clk 0:19:27]} 14. c4 {[%clk 0:14:49]} Nf6
{[%clk 0:18:45]} 15. c5 {[%clk 0:14:42]} Be7 {[%clk 0:18:41]} 16. Qc2
{[%clk 0:14:05]} Nc6 {[%clk 0:18:37]} 17. Bd2 {[%clk 0:13:46]} Qc8
{[%clk 0:17:59]} 18. Bc3 {[%clk 0:13:15]} Bxh3 {[%clk 0:15:28]} 19. gxh3
{[%clk 0:13:16]} Qxh3 {[%clk 0:15:34]} 20. Nh2 {[%clk 0:13:14]} b6
{[%clk 0:12:51]} 21. Bb5 {[%clk 0:08:30]} Qd7 {[%clk 0:10:38]} 22. Qf5
{[%clk 0:08:30]} bxc5 {[%clk 0:08:45]} 23. Qxd7 {[%clk 0:08:35]} Nxd7
{[%clk 0:08:46]} 24. Bxc6 {[%clk 0:08:43]} Rad8 {[%clk 0:08:53]} 25. Nxd5
{[%clk 0:08:46]} cxd4 {[%clk 0:08:07]} 26. Bxd4 {[%clk 0:08:46]} Bd6
{[%clk 0:07:54]} 27. Rxe8+ {[%clk 0:08:51]} Rxe8 {[%clk 0:08:03]} 28. Bxd7
{[%clk 0:08:58]} Bxh2+ {[%clk 0:08:10]} 29. Kxh2 {[%clk 0:09:05]} 1-0